00209nam a2200073Ia 4500008004100000100001500041245005100056260002800107170817s9999 xx 000 0 und d aRuhela.S.P 0aShiksha Ke Darshnik Tatha Samajshstrye Aadhar bAgarwal Prakashan Agara